[Event "V. Korchnoi Memorial 2019"]
[Site "St. Petersburg"]
[Date "2019.08.17"]
[Round "4.4"]
[White "Gareyev, Timur"]
[Black "Bryakin, Mikhail"]
[Result "1/2-1/2"]
[WhiteElo "2600"]
[BlackElo "2428"]
[Annotator "TA"]
[PlyCount "129"]
[EventDate "2019.08.13"]
[EventType "swiss"]
[EventCountry "RUS"]
[SourceTitle "playchess.com"]
[Source "ChessBase"]
[SourceQuality "1"]

{[%evp 18,129,14,21,41,31,47,18,42,31,33,30,35,23,37,37,30,31,33,13,41,39,27,35,42,44,23,33,29,33,37,46,44,27,21,28,27,27,50,42,52,25,27,16,53,48,51,48,59,50,47,53,71,81,93,27,16,24,39,35,50,6,6,0,0,-37,1,0,0,-4,0,0,0,0,0,0,0,0,0,0,0,-22,0,-3,0,-23,0,0,0,0,0,-12,0,-11,-11,-11,-11,-12,-12,-16,-11,-20,0,0,0,0,0,0,0,0,0,0,0,0]} 1. Nf3 d5 2. c4 c6 3. g3 Nf6 4. Bg2 e6 5. b3 Be7 6. O-O O-O 7. Bb2 Nbd7 8. d3 b6 9. Nbd2 Bb7 10. e4 Nc5 {A14: English Opening: 1...e6 with b3 by White} (10... c5 11. cxd5 exd5 12. e5 Ne8 13. Re1 Nc7 14. d4 Ne6 15. Nf1 Re8 16. Ne3 g6 17. h4 Bf8 18. Nh2 {1-0 (50) Ehlvest,J (2536)-Hemant,S (2348) chess.com INT 2018}) 11. e5 Nfd7 12. d4 Na6 13. Re1 $146 ({Predecessor:} 13. h4 Nc7 14. Nh2 Qe8 15. f4 g6 16. h5 f5 17. g4 h6 18. Bh3 {0-1 (42) Michels,H (1811)-Back,L (1594) Neustadt an der Weinstrasse 2019}) 13... c5 14. cxd5 Bxd5 15. Nc4 Nc7 16. Qe2 Qb8 17. Rad1 Qb7 18. dxc5 Nxc5 19. Nd6 Qa6 20. Nd4 Qxe2 21. Rxe2 Bxg2 22. Kxg2 Nd5 23. N4f5 exf5 24. Rxd5 g6 25. b4 Ne6 26. Rc2 Rfd8 27. Rc6 Kf8 28. a4 Rd7 29. b5 Rad8 30. Bc3 Nc7 31. Rd2 Ne8 {[%cal Re8d6]} 32. Nc4 $1 Nc7 33. Rxd7 Rxd7 34. Nd6 Nd5 {[#]} 35. Rc8+ $1 Bd8 {[#]} 36. Bb2 ({Better is} 36. Bd2 $1 $16) 36... Ke7 $1 $11 37. Ra8 Ke6 38. Nc8 Bc7 {Strongly threatening ...Rd8.} 39. Nxa7 {aiming for Nc6.} (39. Rxa7 $5 {[%cal Ra4a5]} Rd8 40. Nd6 $14) 39... Bxe5 40. Ba3 Bd6 41. Bb2 (41. Bc1 {is more complex.} f6 42. Nc6 Bc5 43. Re8+ Kf7 44. Rd8) 41... Be5 42. Bxe5 Kxe5 {[%mdl 4096] Endgame KRN-KRN} 43. Nc8 Rb7 44. a5 bxa5 45. Rxa5 Rc7 46. Na7 Rb7 47. Nc8 Rc7 48. Na7 Rb7 49. Ra6 Nb4 50. Ra1 Kd5 51. Kf3 Kc5 52. Rc1+ {The position is equal.} Kd5 53. Rd1+ Ke6 54. Ra1 Kd5 55. h4 Nc2 56. Ra5 Nd4+ 57. Ke3 {Threatens to win with b6+.} Kc5 58. Kf4 f6 {And now ...Re7 would win.} 59. Ke3 Nxb5 (59... Re7+ {with more complications.} 60. Kd3 Rd7 61. Ke3 g5 62. f4 Nc2+) 60. Nxb5 Rxb5 {KR-KR} 61. Ra7 Rb3+ 62. Ke2 Kd5 63. Rxh7 f4 64. gxf4 Ke4 65. Rh6 {Accuracy: White = 59%, Black = 57%.} 1/2-1/2

[Event "V. Korchnoi Memorial 2019"]
[Site "St. Petersburg"]
[Date "2019.08.17"]
[Round "4.5"]
[White "Stupak, Kirill"]
[Black "Makhmutov, Rail"]
[Result "1-0"]
[WhiteElo "2561"]
[BlackElo "2408"]
[Annotator "ChessBase"]
[PlyCount "41"]
[EventDate "2019.08.13"]
[EventType "swiss"]
[EventCountry "RUS"]
[SourceTitle "playchess.com"]
[Source "ChessBase"]
[SourceQuality "1"]
[TimeControl "5400+30"]

1. d4 {[%emt 0:01:38]} Nf6 {[%emt 0:00:00]} 2. c4 {[%emt 0:00:12]} g6 {[%emt 0:00:17]} 3. Nc3 {[%emt 0:01:11]} d5 {[%emt 0:00:16]} 4. cxd5 {[%emt 0:00:49]} Nxd5 {[%emt 0:00:03]} 5. e4 {[%emt 0:00:28]} Nxc3 {[%emt 0:00:09]} 6. bxc3 {[%emt 0:00:02]} Bg7 {[%emt 0:00:14]} 7. Qa4+ {[%emt 0:00:27]} Nd7 {[%emt 0:00:54]} 8. Nf3 {[%emt 0:00:20]} c5 {[%emt 0:00:51]} 9. Be2 {[%emt 0:00:23]} O-O {[%emt 0:01:21]} 10. O-O {[%emt 0:00:04]} cxd4 {[%emt 0:16:07]} 11. cxd4 {[%emt 0:02:02]} Nc5 {[%emt 0:01:19]} 12. dxc5 {[%emt 0:00:06]} Bxa1 {[%emt 0:06:33]} 13. e5 {[%emt 0:00:01]} Bc3 {[%emt 0:27:06]} 14. Bh6 {[%emt 0:40:04]} Qa5 {[%emt 0:09:46]} 15. Qh4 {[%emt 0:00:35]} Qxc5 {[%emt 0:02:05]} 16. Bxf8 {[%emt 0:05:28]} Kxf8 {[%emt 0:00:11]} 17. Qh6+ {[%emt 0:00:06]} Ke8 {[%emt 0:02:10]} 18. Rd1 {[%emt 0:06:49]} e6 {[%emt 0:10:10]} 19. Qxh7 {[%emt 0:00:32]} Ba5 {[%emt 0:00:46]} 20. Qh8+ {[%emt 0:00:13]} Ke7 {[%emt 0:01:24]} 21. Ng5 {[%emt 0:00:07]} 1-0

[Event "V. Korchnoi Memorial 2019"]
[Site "St. Petersburg"]
[Date "2019.08.17"]
[Round "4.6"]
[White "Iljiushenok, Ilia"]
[Black "Shapiro, Viktor"]
[Result "1-0"]
[WhiteElo "2533"]
[BlackElo "2249"]
[Annotator "ChessBase"]
[PlyCount "47"]
[EventDate "2019.08.13"]
[EventType "swiss"]
[EventCountry "RUS"]
[SourceTitle "playchess.com"]
[Source "ChessBase"]
[SourceQuality "1"]
[TimeControl "5400+30"]

1. e4 {[%emt 1:30:30]} Nf6 {[%emt 1:30:30]} 2. e5 {[%emt 0:00:30]} Nd5 {[%emt 0:00:30]} 3. c4 {[%emt 0:00:30]} Nb6 {[%emt 0:00:30]} 4. d4 {[%emt 0:00:30]} d6 {[%emt 0:00:30]} 5. f4 {[%emt 0:00:30]} dxe5 {[%emt 0:00:30]} 6. fxe5 {[%emt 0:00:30]} c5 {[%emt 0:00:30]} 7. d5 {[%emt 0:00:30]} g6 {[%emt 0:00:30]} 8. Nc3 {[%emt 0:00:30]} Bg7 {[%emt 0:00:30]} 9. Bf4 {[%emt 0:00:30]} O-O {[%emt 0:00:30]} 10. Qd2 {[%emt 0:00:30]} Bf5 {[%emt 0:00:30]} 11. h3 {[%emt 0:00:30]} g5 {[%emt 0:00:30]} 12. Bxg5 {[%emt 0:00:30]} Bxe5 {[%emt 0:00:30]} 13. O-O-O {[%emt 0:00:30]} N8d7 {[%emt 0:00:30]} 14. Nf3 {[%emt 0:00:30]} Bf6 {[%emt 0:00:30]} 15. g4 {[%emt 0:00:30]} Bg6 {[%emt 0:00:30]} 16. h4 {[%emt 0:00:30]} e5 {[%emt 0:00:30]} 17. h5 {[%emt 0:00:30]} e4 {[%emt 0:00:30]} 18. Bxf6 {[%emt 0:00:30]} Qxf6 {[%emt 0:00:30]} 19. Ne1 {[%emt 0:00:30]} e3 {[%emt 0:00:30]} 20. Qh2 {[%emt 0:00:30]} e2 {[%emt 0:00:30]} 21. Bxe2 {[%emt 0:00:30]} Qg5+ {[%emt 0:00:30]} 22. Rd2 {[%emt 0:00:30]} Bb1 {[%emt 0:00:30]} 23. Nf3 {[%emt 0:00:30]} Qe3 {[%emt 0:00:30]} 24. Kxb1 {[%emt 0:00:30]} 1-0

[Event "V. Korchnoi Memorial 2019"]
[Site "St. Petersburg"]
[Date "2019.08.17"]
[Round "4.7"]
[White "Vlasenko, Miroslav"]
[Black "Vokhidov, Shamsiddin"]
[Result "0-1"]
[WhiteElo "2419"]
[BlackElo "2512"]
[Annotator "ChessBase"]
[PlyCount "98"]
[EventDate "2019.08.13"]
[EventType "swiss"]
[EventCountry "RUS"]
[SourceTitle "playchess.com"]
[Source "ChessBase"]
[SourceQuality "1"]
[TimeControl "5400+30"]

1. d4 {[%emt 0:09:18]} Nf6 {[%emt 0:00:22]} 2. c4 {[%emt 0:00:15]} e6 {[%emt 0:00:07]} 3. Nc3 {[%emt 0:00:06]} Bb4 {[%emt 0:00:04]} 4. Qc2 {[%emt 0:00:04]} O-O {[%emt 0:06:58]} 5. a3 {[%emt 0:00:07]} Bxc3+ {[%emt 0:00:05]} 6. Qxc3 {[%emt 0:00:05]} b6 {[%emt 0:00:21]} 7. Bg5 {[%emt 0:00:13]} c5 {[%emt 0:00:02]} 8. dxc5 {[%emt 0:00:55]} bxc5 {[%emt 0:00:03]} 9. e3 {[%emt 0:03:19]} d6 {[%emt 0:00:27]} 10. Bd3 {[%emt 0:05:50]} Nbd7 {[%emt 0:09:53]} 11. Ne2 {[%emt 0:07:05]} Rb8 {[%emt 0:00:12]} 12. Rd1 {[%emt 0:14:28]} h6 {[%emt 0:23:38]} 13. Bf4 {[%emt 0:05:37]} e5 {[%emt 0:00:16]} 14. Bg3 {[%emt 0:00:07]} Qb6 {[%emt 0:00:03]} 15. Rd2 {[%emt 0:03:05]} Bb7 {[%emt 0:00:34]} 16. O-O {[%emt 0:02:16]} Qc6 {[%emt 0:01:07]} 17. f3 {[%emt 0:01:24]} e4 {[%emt 0:01:59]} 18. Bb1 {[%emt 0:03:30]} exf3 {[%emt 0:00:23]} 19. gxf3 {[%emt 0:00:29]} Ne5 {[%emt 0:01:19]} 20. Bxe5 {[%emt 0:04:34]} dxe5 {[%emt 0:00:15]} 21. Ng3 {[%emt 0:01:18]} Rbd8 {[%emt 0:07:00]} 22. Rg2 {[%emt 0:08:21]} Bc8 {[%emt 0:00:25]} 23. Bf5 {[%emt 0:06:21]} Rfe8 {[%emt 0:00:47]} 24. Bxc8 {[%emt 0:04:01]} Qxc8 {[%emt 0:00:18]} 25. e4 {[%emt 0:01:04]} Kh7 {[%emt 0:07:03]} 26. Qe3 {[%emt 0:04:05]} g6 {[%emt 0:03:08]} 27. Kh1 {[%emt 0:00:56]} Rd4 {[%emt 0:01:49]} 28. Rfg1 {[%emt 0:01:59]} Qh3 {[%emt 0:00:39]} 29. b4 {[%emt 0:05:35]} Rc8 {[%emt 0:07:20]} 30. bxc5 {[%emt 0:01:08]} Rxc5 {[%emt 0:00:45]} 31. Rc2 {[%emt 0:04:25]} a6 {[%emt 0:05:38]} 32. Qb3 {[%emt 0:01:05]} Qe6 {[%emt 0:00:49]} 33. Rgc1 {[%emt 0:00:35]} Nd7 {[%emt 0:03:41]} 34. Nf1 {[%emt 0:00:32]} Qf6 {[%emt 0:00:47]} 35. Rd2 {[%emt 0:01:26]} Nf8 {[%emt 0:01:52]} 36. Rxd4 {[%emt 0:00:57]} exd4 {[%emt 0:00:09]} 37. Nd2 {[%emt 0:00:16]} Qf4 {[%emt 0:01:01]} 38. Qd3 {[%emt 0:00:28]} Ne6 {[%emt 0:00:28]} 39. Rg1 {[%emt 0:00:50]} Qe3 {[%emt 0:01:09]} 40. Qxe3 {[%emt 0:00:15]} dxe3 {[%emt 0:00:02]} 41. Nf1 {[%emt 0:00:11]} e2 {[%emt 0:00:12]} 42. Ne3 {[%emt 0:01:03]} Nd4 {[%emt 0:01:38]} 43. Re1 {[%emt 0:00:41]} Ra5 {[%emt 0:00:04]} 44. Kg2 {[%emt 0:00:10]} Rxa3 {[%emt 0:00:07]} 45. Kf2 {[%emt 0:00:04]} Rc3 {[%emt 0:02:17]} 46. h4 {[%emt 0:00:36]} a5 {[%emt 0:00:15]} 47. Rxe2 {[%emt 0:01:04]} Nxe2 {[%emt 0:00:05]} 48. Kxe2 {[%emt 0:00:03]} a4 {[%emt 0:00:15]} 49. Kd2 {[%emt 0:00:08]} Rxe3 {[%emt 0:00:32]} 0-1

[Event "V. Korchnoi Memorial 2019"]
[Site "St. Petersburg"]
[Date "2019.08.17"]
[Round "4.8"]
[White "Bukal, Vladimir Jr."]
[Black "Goganov, Aleksey"]
[Result "0-1"]
[WhiteElo "2405"]
[BlackElo "2564"]
[Annotator "ChessBase"]
[PlyCount "88"]
[EventDate "2019.08.13"]
[EventType "swiss"]
[EventCountry "RUS"]
[SourceTitle "playchess.com"]
[Source "ChessBase"]
[SourceQuality "1"]
[TimeControl "5400+30"]

1. d4 {[%emt 0:00:00]} d5 {[%emt 0:07:05]} 2. Bf4 {[%emt 0:00:00]} Nf6 {[%emt 0:00:06]} 3. e3 {[%emt 0:00:24]} e6 {[%emt 0:00:08]} 4. Nf3 {[%emt 0:00:15]} c5 {[%emt 0:00:07]} 5. Be2 {[%emt 0:00:13]} Nc6 {[%emt 0:00:13]} 6. O-O {[%emt 0:00:10]} Bd6 {[%emt 0:01:34]} 7. dxc5 {[%emt 0:00:09]} Bxf4 {[%emt 0:04:41]} 8. exf4 {[%emt 0:00:15]} Qa5 {[%emt 0:00:21]} 9. c3 {[%emt 0:27:21]} Qxc5 {[%emt 0:00:06]} 10. b4 {[%emt 0:01:37]} Qd6 {[%emt 0:00:36]} 11. b5 {[%emt 0:00:36]} Ne7 {[%emt 0:02:02]} 12. Ne5 {[%emt 0:01:15]} Nd7 {[%emt 0:01:34]} 13. Nd3 {[%emt 0:06:03]} O-O {[%emt 0:03:10]} 14. Nd2 {[%emt 0:00:14]} b6 {[%emt 0:02:45]} 15. Bf3 {[%emt 0:13:49]} Bb7 {[%emt 0:00:07]} 16. Re1 {[%emt 0:01:23]} Rac8 {[%emt 0:00:15]} 17. Rc1 {[%emt 0:06:25]} Rfd8 {[%emt 0:07:08]} 18. g3 {[%emt 0:03:52]} Nc5 {[%emt 0:00:21]} 19. Nxc5 {[%emt 0:02:35]} Rxc5 {[%emt 0:00:14]} 20. Qa4 {[%emt 0:01:12]} Qc7 {[%emt 0:01:29]} 21. Qb4 {[%emt 0:07:13]} Nf5 {[%emt 0:01:32]} 22. Bg4 {[%emt 0:09:16]} Nd6 {[%emt 0:00:36]} 23. Be2 {[%emt 0:00:27]} d4 {[%emt 0:07:50]} 24. Nb3 {[%emt 0:06:12]} Rxc3 {[%emt 0:00:33]} 25. Rcd1 {[%emt 0:00:07]} Bd5 {[%emt 0:10:27]} 26. Nxd4 {[%emt 0:01:38]} Rc8 {[%emt 0:03:16]} 27. f5 {[%emt 0:01:29]} exf5 {[%emt 0:07:48]} 28. Nc6 {[%emt 0:00:35]} Rc5 {[%emt 0:01:52]} 29. Rxd5 {[%emt 0:04:04]} Rxd5 {[%emt 0:00:19]} 30. Bc4 {[%emt 0:01:01]} Rc5 {[%emt 0:00:55]} 31. Re7 {[%emt 0:01:11]} Rxc6 {[%emt 0:08:42]} 32. Rxc7 {[%emt 0:00:34]} R6xc7 {[%emt 0:00:05]} 33. Bd5 {[%emt 0:00:49]} Rd8 {[%emt 0:03:39]} 34. Bc6 {[%emt 0:00:51]} Ne4 {[%emt 0:00:37]} 35. Kg2 {[%emt 0:00:51]} g6 {[%emt 0:00:21]} 36. h4 {[%emt 0:00:10]} h5 {[%emt 0:00:12]} 37. a4 {[%emt 0:00:22]} Nc5 {[%emt 0:01:21]} 38. a5 {[%emt 0:00:33]} Ne6 {[%emt 0:00:42]} 39. Qe1 {[%emt 0:01:22]} bxa5 {[%emt 0:01:32]} 40. Qxa5 {[%emt 0:00:25]} f4 {[%emt 0:03:13]} 41. Qe1 {[%emt 0:01:36]} fxg3 {[%emt 0:02:02]} 42. fxg3 {[%emt 0:00:02]} a6 {[%emt 0:00:11]} 43. Qe5 {[%emt 0:01:34]} axb5 {[%emt 0:00:10]} 44. Bxb5 {[%emt 0:00:22]} Rc5 {[%emt 0:02:12]} 0-1

[Event "V. Korchnoi Memorial 2019"]
[Site "St. Petersburg"]
[Date "2019.08.17"]
[Round "4.9"]
[White "Lintchevski, Daniil"]
[Black "Makoveev, Ilya"]
[Result "1-0"]
[WhiteElo "2538"]
[BlackElo "2299"]
[Annotator "ChessBase"]
[PlyCount "149"]
[EventDate "2019.08.13"]
[EventType "swiss"]
[EventCountry "RUS"]
[SourceTitle "playchess.com"]
[Source "ChessBase"]
[SourceQuality "1"]
[TimeControl "5400+30"]

1. e4 {[%emt 0:00:00]} c5 {[%emt 0:00:00]} 2. Nf3 {[%emt 0:00:00]} d6 {[%emt 0:00:00]} 3. d4 {[%emt 0:00:01]} cxd4 {[%emt 0:00:10]} 4. Nxd4 {[%emt 0:00:05]} Nf6 {[%emt 0:00:21]} 5. Nc3 {[%emt 0:00:07]} a6 {[%emt 0:00:19]} 6. h3 {[%emt 0:00:06]} e5 {[%emt 0:00:40]} 7. Nf3 {[%emt 0:00:05]} Be7 {[%emt 0:12:40]} 8. Bc4 {[%emt 0:01:21]} O-O {[%emt 0:05:07]} 9. O-O {[%emt 0:00:04]} b5 {[%emt 0:01:02]} 10. Bd5 {[%emt 0:00:11]} Nxd5 {[%emt 0:03:23]} 11. Qxd5 {[%emt 0:00:06]} Ra7 {[%emt 0:00:10]} 12. Be3 {[%emt 0:00:06]} Be6 {[%emt 0:12:21]} 13. Qd2 {[%emt 0:00:29]} Rb7 {[%emt 0:00:49]} 14. Nd5 {[%emt 0:00:38]} f5 {[%emt 0:12:25]} 15. Bg5 {[%emt 0:17:59]} Nc6 {[%emt 0:03:13]} 16. Nxe7+ {[%emt 0:04:31]} Nxe7 {[%emt 0:01:16]} 17. Rad1 {[%emt 0:00:53]} Rd7 {[%emt 0:01:34]} 18. exf5 {[%emt 0:01:19]} Bxf5 {[%emt 0:05:42]} 19. Nh4 {[%emt 0:05:30]} Be6 {[%emt 0:04:55]} 20. f4 {[%emt 0:01:07]} Qb6+ {[%emt 0:07:51]} 21. Kh2 {[%emt 0:00:06]} Nf5 {[%emt 0:02:34]} 22. Nxf5 {[%emt 0:00:31]} Rxf5 {[%emt 0:00:27]} 23. g4 {[%emt 0:00:08]} Rf8 {[%emt 0:01:06]} 24. f5 {[%emt 0:00:09]} Bc4 {[%emt 0:00:24]} 25. Rf2 {[%emt 0:03:22]} Qc7 {[%emt 0:14:47]} 26. Bh4 {[%emt 0:03:17]} Re8 {[%emt 0:04:33]} 27. Bg3 {[%emt 0:03:24]} Bf7 {[%emt 0:02:03]} 28. f6 {[%emt 0:01:47]} g6 {[%emt 0:01:09]} 29. Rf3 {[%emt 0:06:13]} Qb7 {[%emt 0:02:21]} 30. Rd3 {[%emt 0:05:53]} Re6 {[%emt 0:00:11]} 31. Bh4 {[%emt 0:02:17]} Qc7 {[%emt 0:01:19]} 32. Qh6 {[%emt 0:08:11]} Be8 {[%emt 0:00:01]} 33. c3 {[%emt 0:00:16]} Rf7 {[%emt 0:00:39]} 34. Qd2 {[%emt 0:00:55]} Rd7 {[%emt 0:00:14]} 35. Qe3 {[%emt 0:02:15]} Bf7 {[%emt 0:00:35]} 36. b3 {[%emt 0:01:11]} Qc6 {[%emt 0:00:58]} 37. R3d2 {[%emt 0:02:58]} Qc7 {[%emt 0:00:28]} 38. Rd3 {[%emt 0:05:06]} Qc6 {[%emt 0:00:19]} 39. Qh6 {[%emt 0:00:13]} Be8 {[%emt 0:00:01]} 40. Qc1 {[%emt 0:00:33]} Bf7 {[%emt 0:00:21]} 41. c4 {[%emt 0:00:41]} bxc4 {[%emt 0:01:11]} 42. bxc4 {[%emt 0:00:01]} e4 {[%emt 0:00:49]} 43. Qh6 {[%emt 0:01:11]} Be8 {[%emt 0:00:05]} 44. Rc3 {[%emt 0:00:03]} Qb6 {[%emt 0:01:27]} 45. Qd2 {[%emt 0:05:45]} Bf7 {[%emt 0:00:00]} 46. c5 {[%emt 0:01:50]} Qd8 {[%emt 0:00:28]} 47. c6 {[%emt 0:02:34]} Rc7 {[%emt 0:00:02]} 48. Qh6 {[%emt 0:00:03]} Qf8 {[%emt 0:00:08]} 49. Qxf8+ Kxf8 {[%emt 0:00:01]} 50. Bg3 {[%emt 0:00:07]} Rc8 {[%emt 0:01:06]} 51. Bxd6+ {[%emt 0:00:07]} Ke8 {[%emt 0:00:37]} 52. Be7 {[%emt 0:00:10]} Re5 {[%emt 0:00:40]} 53. c7 {[%emt 0:03:16]} Rd5 {[%emt 0:00:36]} 54. Rxd5 {[%emt 0:00:10]} Bxd5 {[%emt 0:00:01]} 55. a3 {[%emt 0:00:05]} Kd7 {[%emt 0:00:13]} 56. Bd8 {[%emt 0:00:01]} Ke6 {[%emt 0:01:03]} 57. Kg3 {[%emt 0:00:01]} g5 {[%emt 0:00:22]} 58. Rc5 {[%emt 0:00:07]} e3 {[%emt 0:01:08]} 59. Rc3 {[%emt 0:01:35]} Kf7 {[%emt 0:00:20]} 60. Rxe3 {[%emt 0:00:05]} Be6 {[%emt 0:00:04]} 61. Re5 {[%emt 0:00:20]} h6 {[%emt 0:00:05]} 62. Rc5 {[%emt 0:00:05]} Bd7 {[%emt 0:00:09]} 63. Re5 {[%emt 0:00:19]} Be6 {[%emt 0:00:04]} 64. Kf3 {[%emt 0:00:05]} Ra8 {[%emt 0:00:03]} 65. Ra5 {[%emt 0:00:58]} Ke8 {[%emt 0:00:10]} 66. Ke3 {[%emt 0:00:34]} Kd7 {[%emt 0:00:24]} 67. Kd4 {[%emt 0:00:17]} Kd6 {[%emt 0:00:03]} 68. Re5 {[%emt 0:00:41]} Rc8 {[%emt 0:00:13]} 69. Re1 {[%emt 0:00:37]} Ra8 {[%emt 0:00:05]} 70. Rb1 {[%emt 0:00:09]} Rc8 {[%emt 0:00:15]} 71. Rb6+ {[%emt 0:00:08]} Kd7 {[%emt 0:00:04]} 72. Rxa6 {[%emt 0:00:07]} Bf7 {[%emt 0:00:04]} 73. a4 {[%emt 0:00:34]} Be6 {[%emt 0:00:11]} 74. a5 {[%emt 0:00:04]} Bg8 {[%emt 0:00:06]} 75. Rb6 {[%emt 0:00:06]} 1-0

[Event "V. Korchnoi Memorial 2019"]
[Site "St. Petersburg"]
[Date "2019.08.17"]
[Round "4.10"]
[White "Postnikov, Artem"]
[Black "Sorokin, Aleksey"]
[Result "0-1"]
[WhiteElo "2278"]
[BlackElo "2537"]
[Annotator "ChessBase"]
[PlyCount "82"]
[EventDate "2019.08.13"]
[EventType "swiss"]
[EventCountry "RUS"]
[SourceTitle "playchess.com"]
[Source "ChessBase"]
[SourceQuality "1"]
[TimeControl "5400+30"]

1. e4 {[%emt 0:08:32]} c6 {[%emt 0:00:00]} 2. d4 {[%emt 0:00:34]} d5 {[%emt 0:00:01]} 3. Nc3 {[%emt 0:00:30]} dxe4 {[%emt 0:00:23]} 4. Nxe4 {[%emt 0:00:12]} Bf5 {[%emt 0:00:13]} 5. Ng3 {[%emt 0:00:13]} Bg6 {[%emt 0:00:13]} 6. h4 {[%emt 0:00:20]} h6 {[%emt 0:00:25]} 7. Nf3 {[%emt 0:00:19]} e6 {[%emt 0:00:59]} 8. Ne5 {[%emt 0:01:07]} Bh7 {[%emt 0:00:22]} 9. Bd3 {[%emt 0:00:28]} Bxd3 {[%emt 0:00:29]} 10. Qxd3 {[%emt 0:00:06]} Nd7 {[%emt 0:00:12]} 11. f4 {[%emt 0:02:07]} Bb4+ {[%emt 0:00:23]} 12. c3 {[%emt 0:01:13]} Be7 {[%emt 0:00:07]} 13. Bd2 {[%emt 0:02:30]} Ngf6 {[%emt 0:00:27]} 14. O-O-O {[%emt 0:03:16]} O-O {[%emt 0:00:14]} 15. Qf3 {[%emt 0:05:49]} Qa5 {[%emt 0:07:49]} 16. Kb1 {[%emt 0:01:23]} Qd5 {[%emt 0:01:14]} 17. Rhe1 {[%emt 0:05:54]} Nxe5 {[%emt 0:12:02]} 18. fxe5 {[%emt 0:12:36]} Qxf3 {[%emt 0:00:15]} 19. gxf3 {[%emt 0:00:02]} Nd5 {[%emt 0:00:12]} 20. Ne4 {[%emt 0:04:17]} b5 {[%emt 0:09:13]} 21. h5 {[%emt 0:06:33]} Kh7 {[%emt 0:03:48]} 22. Rg1 {[%emt 0:08:17]} a5 {[%emt 0:05:46]} 23. Rdf1 {[%emt 0:02:36]} f5 {[%emt 0:03:46]} 24. Nf2 {[%emt 0:01:30]} b4 {[%emt 0:10:48]} 25. Nd3 {[%emt 0:06:15]} bxc3 {[%emt 0:01:43]} 26. bxc3 {[%emt 0:00:18]} c5 {[%emt 0:00:56]} 27. dxc5 {[%emt 0:02:21]} Rfc8 {[%emt 0:01:29]} 28. c4 {[%emt 0:04:37]} Rab8+ {[%emt 0:02:56]} 29. Ka1 {[%emt 0:01:13]} Nb4 {[%emt 0:00:12]} 30. Bxb4 {[%emt 0:02:31]} axb4 {[%emt 0:00:06]} 31. Rg6 {[%emt 0:01:48]} Bxc5 {[%emt 0:00:05]} 32. Nxc5 {[%emt 0:03:57]} Rxc5 {[%emt 0:00:05]} 33. Rxe6 {[%emt 0:00:37]} Rb7 {[%emt 0:00:12]} 34. Rc1 {[%emt 0:03:35]} b3 {[%emt 0:00:37]} 35. axb3 {[%emt 0:02:51]} Rxb3 {[%emt 0:00:37]} 36. Ra6 {[%emt 0:00:27]} Rxf3 {[%emt 0:02:04]} 37. Ra7 {[%emt 0:02:18]} f4 {[%emt 0:00:25]} 38. e6 {[%emt 0:03:19]} Re3 {[%emt 0:00:47]} 39. e7 {[%emt 0:01:48]} f3 {[%emt 0:01:44]} 40. Rf1 {[%emt 0:00:04]} Rxh5 {[%emt 0:00:25]} 41. Rxf3 {[%emt 0:00:23]} Rh1+ {[%emt 0:00:18]} 0-1

[Event "V. Korchnoi Memorial 2019"]
[Site "St. Petersburg"]
[Date "2019.08.18"]
[Round "5.1"]
[White "Kamsky, Gata"]
[Black "Stupak, Kirill"]
[Result "1-0"]
[WhiteElo "2673"]
[BlackElo "2561"]
[Annotator "TA"]
[PlyCount "109"]
[EventDate "2019.08.13"]
[EventType "swiss"]
[EventCountry "RUS"]
[SourceTitle "playchess.com"]
[Source "ChessBase"]
[SourceQuality "1"]

{[%evp 9,109,8,4,0,4,2,2,4,25,16,13,4,22,16,12,0,9,0,24,0,0,0,58,58,64,45,48,45,45,46,56,27,27,29,26,23,27,27,58,57,58,49,58,51,65,63,54,33,66,50,58,58,58,58,71,58,58,57,64,50,56,54,71,71,71,71,71,71,71,71,71,71,83,76,76,76,76,76,82,76,76,79,176,170,231,230,229,225,215,142,225,225,345,308,279,244,710,705,770,365,497,495]} 1. d4 Nf6 2. Nf3 e6 3. Bf4 d5 4. e3 Bd6 5. Bg3 O-O 6. c4 {D02: 1 d4 d5 2 Nf3 sidelines, including 2...Nf6 3 g3 and 2...Nf6 3 Bf4} (6. Nbd2 b6 7. c3 Ba6 8. Bxa6 Nxa6 9. Ne5 Nb8 10. f4 c5 11. Bh4 Be7 12. O-O Nfd7 13. Bxe7 Qxe7 14. Rf3 Nxe5 15. fxe5 {1-0 (29) Aronian,L (2767)-Giri,A (2782) chess.com INT 2018}) 6... b6 7. Nc3 Bb7 8. Rc1 {The position is equal.} a6 9. cxd5 exd5 10. Qb3 $146 ({Predecessor:} 10. Be2 Qe7 11. O-O Nbd7 12. Qc2 Bxg3 13. hxg3 Rfe8 {0-1 (54) Georgiev,K (2623)-Short,N (2678) Riadh 2017}) 10... Qe7 11. Ne5 Nbd7 12. Nxd7 Qxd7 13. Be2 Rfe8 14. O-O Bxg3 15. hxg3 Ne4 ({Better is} 15... g6 $11) 16. Nxe4 $14 Rxe4 17. Rc3 Re7 18. Rfc1 Qd6 19. Qc2 {[%cal Rc3c7]} c6 20. Qf5 a5 21. Qf4 Qd8 22. Bd3 g6 23. g4 Qb8 24. Qxb8+ Rxb8 25. Rb3 Ba8 26. Kh2 f6 27. Kg3 Kf7 28. Rbc3 Rd8 29. a3 {[%cal Ba2a3,Ba3b4][%mdl 32]} Ke6 30. b4 axb4 31. axb4 Kd6 32. Ra3 Bb7 33. Rca1 Rdd7 34. Ra7 Rc7 35. Ba6 Bxa6 36. R7xa6 {[%mdl 4096] Endgame KRR-KRR} Rb7 37. Ra8 Rf7 38. R1a6 Rfe7 39. Rf8 Ke6 40. Kf4 g5+ 41. Kf3 Rf7 42. Rg8 Rfc7 43. Rh8 Re7 44. Ke2 Kd7 45. g3 Kd6 {[#]} (45... Rf7 $16) 46. Rf8 $1 $18 Ke6 {[#]} (46... Rf7 $142 47. Rxb6 Rxf8 48. Rxb7 Rh8) 47. f4 $1 Rf7 48. f5+ Ke7 49. Rh8 Kd7 (49... Rf8 $16 50. Rxh7+ Rf7) 50. Kf3 Kc7 (50... Kd6 {is a better defense.} 51. Rd8+ Rbd7) 51. Re8 Kd7 52. Raa8 Kc7 $2 (52... Kd6 53. Re6+ Kd7) 53. Rac8+ Kd7 54. Rcd8+ Kc7 55. Rf8 {Accuracy: White = 73%, Black = 50%.} ({Weaker is} 55. Rc8+ Kd7 $18) 1-0